| 000 | 00828nam a22001937a 4500 | ||
|---|---|---|---|
| 005 | 20260123084212.0 | ||
| 008 | 230715b ||||| |||| 00| 0 eng d | ||
| 040 |
_cSSBUL _dSSBUL |
||
| 082 |
_223 _a၈၉၅.၈ နတ် ၁၅၉၉၀ (S-SAT) |
||
| 100 |
_aနတ်ရှင်၊ _cဒဂုန်-။ _917823 |
||
| 245 | _aစာပေဝတ်ဆံ- ၄ / | ||
| 250 | _aဒုတိယအကြိမ်။ | ||
| 260 |
_aရန်ကုန်၊ _bစာပေဗိမာန်၊ _c၁၉၆၇။ |
||
| 300 |
_a၇၂ စာမျက်နှာ၊ _c၁၈ စင်တီ။ |
||
| 440 |
_aစာပေဗိမာန်ထုတ် ပြည်သူ့လက်စွဲစာစဉ်။ _927865 |
||
| 500 | _aS-SAT: Dr. Prof Sai Aung Tun | ||
| 650 | _aမြန်မာစာပေ။ | ||
| 942 |
_2ddc _cBK1 |
||
| 999 |
_c27246 _d27246 |
||